000 00824nam a2200277Ia 4500
003 OSt
005 20220928131054.0
006 a|||||r|||| 00| 0
007 ta
008 220927b |||||||| |||| 00| 0 eng d
020 _c3353.5895
024 _a109282
037 _b67, 24/09/2010, Aviva Books Company
_cTextual
040 _aSDCL
_cSDCL
_beng
041 _2eng
_aeng
082 _aX:51-8.1'P, Q1
100 _aKotabe Masaaki
_9464031
245 0 _aGlobal marketing management.
250 _a5
260 _aHoboken
_bJohn Wiley
_c2011
300 _axxiii,717p
_ccm.
650 _aBusiness Economics
_9391653
700 _a Helsen Kristiaan
_9476993
942 _hX:51-8.1'P, Q1
_cTEXL
_2CC
999 _c789444
_d789444